Statistics for 5 Closest Countries to Monaco

Click here to take the quiz!

General Stats

  • This quiz has been taken 37 times
  • The average score is 4 of 5

Answer Stats

kmCountrymi% Correct
0France0
97%
8.21Italy5.10
94%
243.10Switzerland151.06
89%
373.21Spain231.90
78%
402.51Austria250.11
69%

Score Distribution

Percentile by Number Answered

Percent of People with Each Score

Your Score History

You have not taken this quiz